Fr. Conceicao Rodrigues College of Engineering

Programming in JAVA (Record no. 26626)

MARC details
000 -LEADER
fixed length control field 00353nam a2200169Ia 4500
082 ## - DEWEY DECIMAL CLASSIFICATION NUMBER
Classification number 5.13
Item number MAL
100 ## - MAIN ENTRY--PERSONAL NAME
Personal name Malhotra/Sachin
250 ## - EDITION STATEMENT
Edition statement 2
245 ## - TITLE STATEMENT
Title Programming in JAVA
260 ## - PUBLICATION, DISTRIBUTION, ETC.
Name of publisher, distributor, etc. Oxford university press
Date of publication, distribution, etc. 2014
366 ## - TRADE AVAILABILITY INFORMATION
Publishers's discount category 25
300 ## - PHYSICAL DESCRIPTION
Extent 660
546 ## - LANGUAGE NOTE
Language note ENGLISH
-- Computers
650 ## - SUBJECT ADDED ENTRY--TOPICAL TERM
Topical term or geographic name entry element Programming
942 ## - ADDED ENTRY ELEMENTS (KOHA)
Koha item type BOOK
Holdings
Withdrawn status Lost status Damaged status Not for loan Collection Home library Current library Date acquired Source of acquisition Cost, normal purchase price Inventory number Total Checkouts Full call number Barcode Date last seen Date last checked out Cost, replacement price Price effective from Koha item type
        CRC Fr. Agnel's C.Rodrigues College of Engineering AGNEL TECHNICAL COLLEGE LIBRARY 17/03/2023 Allied Publishers 337.50 252 dt 25.05.2016 2 5.13 MAL 24167 20/01/2025 12/08/2024 450.00   BOOK
        CRC Fr. Agnel's C.Rodrigues College of Engineering AGNEL TECHNICAL COLLEGE LIBRARY 17/03/2023 Allied Publishers 337.50 252 dt 25.05.2016 1 5.13 MAL 24170 10/07/2024 31/05/2024 450.00   BOOK
        CRC Fr. Agnel's C.Rodrigues College of Engineering AGNEL TECHNICAL COLLEGE LIBRARY 17/03/2023 Allied Publishers 337.50 252 dt 25.05.2016 2 5.13 MAL 24171 20/02/2026 22/12/2025 450.00   BOOK
        CRC Fr. Agnel's C.Rodrigues College of Engineering Fr. Agnel's C.Rodrigues College of Engineering 17/03/2023 Allied Publishers 337.50 252 dt 25.05.2016   5.13 MAL 24168 17/03/2023   450.00   BOOK
        CRC Fr. Agnel's C.Rodrigues College of Engineering Fr. Agnel's C.Rodrigues College of Engineering 17/03/2023 Allied Publishers 337.50 252 dt 25.05.2016   5.13 MAL 24169 17/03/2023   450.00   BOOK